Психоанализ. Истоки и первые этапы развития: Курс лекций/

Bibliographic Details
Main Author: Руткевич, А. М. Алексей Михайлович (Author)
Format: Book
Language:Russian
Published: Москва: ИНФРА-М 1997
Series:Высшее образование
Subjects:
Online Access:Перейти в каталог НМБ СибГМУ
LEADER 01553nam a2200349 i 4500
001 LibSMU0000024620
008 000727s1997 ru_ l000 0yrus d
020 |a 5862256555  |c р76.80 
040 |a НМБ СибГМУ  |b rus 
100 1 |a Руткевич, А. М.  |q Алексей Михайлович  |4 aut 
245 0 0 |a Психоанализ. Истоки и первые этапы развития:   |b Курс лекций/  |c А. М. Руткевич 
260 |a Москва:  |b ИНФРА-М  |c 1997 
300 |a 352 с. 
440 0 |a Высшее образование 
535 2 |a НМБ СибГМУ г.Томск  |d https://lib.ssmu.ru  |s 63480700 
653 0 |a мышление 
653 0 |a стиль 
653 0 |a открытие 
653 0 |a общество 
653 0 |a философия 
653 0 |a культура 
653 0 |a раскол 
653 0 |a мировоззрение 
653 0 |a идеология 
653 0 |a история 
852 |a НМБ СибГМУ  |h Ю96  |i Р903  |p 452388  |b анл 
852 |a НМБ СибГМУ  |h Ю96  |i Р903  |p 452389  |b гум 
852 |a НМБ СибГМУ  |h Ю96  |i Р903  |p 452390  |b гум 
852 |a НМБ СибГМУ  |h Ю96  |i Р903  |p 452391  |b аул 
852 |a НМБ СибГМУ  |h Ю96  |i Р903  |p 452392  |b ДФ 
084 |a Ю96  |2 rubbk 
856 |y Перейти в каталог НМБ СибГМУ  |u https://irbis64.ssmu.ru/cgi-bin/irbis64r_14/cgiirbis_64.exe?Z21ID=&P21DBN=BOOK&I21DBN=BOOK&S21FMT=fullwebr&C21COM=S&2_S21P02=0&2_S21P03=I=&2_S21STR=Ю96/Р903-040115